000 00470nam a2200169Ia 4500
003 GCL
008 140319s9999 xx 000 0 eng d
040 _aGCL /
_cGCL
082 0 4 _a616.89142
_bT B
100 1 _aTHORPE, GEOFFREY L.
245 1 0 _aBEHAVIOR THERAPY: CONCEPTS, PROCEDURES, AND APPLICATIONS /
_cTHORPE, GEOFFREY L.
700 1 _aOLSON, SHERYL.L.
260 _a[S.N] :
_bALLYN AND BACON
300 _a320 P
650 0 4 _aBEHAVIOR THERAPY
942 _2ddc
_cBK
999 _c18235
_d18235